Vysoká škola Měsičník pro otázky práce vysokých škol

Guardado en:
Detalles Bibliográficos
Formato: Seriadas
Lenguaje:checo
Publicado: Praha Stát. ped. nakl. 1987/1988
Etiquetas: Agregar Etiqueta
Sin Etiquetas, Sea el primero en etiquetar este registro!

MARC

LEADER 00000nas2a2200000 4500
001 s026610
005 20250730114135.8
041 0 |a cze 
044 |a CZ 
245 1 0 |a Vysoká škola  |b Měsičník pro otázky práce vysokých škol 
264 1 |a Praha  |b Stát. ped. nakl.  |c 1987/1988 
300 |a 1 zv. 
773 0 |w eu_un_cat*s120467